000 00639cam a22002291 4500
001 sa 68018059
003 DLC
005 20260227112708.0
008 720418s1966 io 000 1 ind
010 _asa 68018059
025 _aPL480:Indo-5321
035 _a(OCoLC)287372
040 _aDLC
_cOAU
_dWU
_dDLC
042 _apremarc
050 0 0 _aPL5089.S478
_bD7
100 1 _aSimatupang, Iwan,
_d1928-1970.
245 1 0 _aDrama sebabak :
_bPetang ditaman.
246 2 3 _aPetang ditaman
260 _aDjakarta :
_bPenerbit Bakti Pustaka,
_c[1966]
300 _a28 p. ;
_c19 cm.
500 _aPreviously published in the periodical Roman.
999 _c88149
_d88149